Animaux Orthographe (Singulier) - Statistiques

Statistiques générales
  • Ce quiz a été pris 118 fois
  • Le résultat moyen est 43 sur 45
Statistiques - réponses
Question Tuile Select % Correct
Clique sur la bonne orthographe ! Rekin Non
100%
Clique sur la bonne orthographe ! Rekins Non
100%
Clique sur la bonne orthographe ! Reqin Non
100%
Clique sur la bonne orthographe ! Reqquin Non
100%
Clique sur la bonne orthographe ! Requain Non
100%
Clique sur la bonne orthographe ! Requain Non
100%
Clique sur la bonne orthographe ! Requein Non
100%
Clique sur la bonne orthographe ! Amster Non
98%
Clique sur la bonne orthographe ! Amstter Non
98%
Clique sur la bonne orthographe ! Axaulotl Non
98%
Clique sur la bonne orthographe ! Axolautl Non
98%
Clique sur la bonne orthographe ! Axolotls Non
98%
Clique sur la bonne orthographe ! Hamstér Non
98%
Clique sur la bonne orthographe ! Hamstter Non
98%
Clique sur la bonne orthographe ! Hamter Non
98%
Clique sur la bonne orthographe ! Pandad Non
98%
Clique sur la bonne orthographe ! Pandap Non
98%
Clique sur la bonne orthographe ! Pandat Non
98%
Clique sur la bonne orthographe ! Pandax Non
98%
Clique sur la bonne orthographe ! Pandda Non
98%
Clique sur la bonne orthographe ! Penda Non
98%
Clique sur la bonne orthographe ! Requin Oui
98%
Clique sur la bonne orthographe ! Taurtue Non
98%
Clique sur la bonne orthographe ! Toretue Non
98%
Clique sur la bonne orthographe ! Torttu Non
98%
Clique sur la bonne orthographe ! Torttue Non
98%
Clique sur la bonne orthographe ! Tortu Non
98%
Clique sur la bonne orthographe ! Tortue Oui
98%
Clique sur la bonne orthographe ! Tortuex Non
98%
Clique sur la bonne orthographe ! Tortut Non
98%
Clique sur la bonne orthographe ! Hamstèr Non
97%
Clique sur la bonne orthographe ! Hanster Non
97%
Clique sur la bonne orthographe ! Panda Oui
97%
Clique sur la bonne orthographe ! Pandae Non
97%
Clique sur la bonne orthographe ! Asolotl Non
96%
Clique sur la bonne orthographe ! Axoloto Non
95%
Clique sur la bonne orthographe ! Hamster Oui
95%
Clique sur la bonne orthographe ! Axolotle Non
94%
Clique sur la bonne orthographe ! Requins Non
93%
Clique sur la bonne orthographe ! Tortues Non
92%
Clique sur la bonne orthographe ! Hamsters Non
90%
Clique sur la bonne orthographe ! Pandas Non
90%
Clique sur la bonne orthographe ! Axolote Non
73%
Clique sur la bonne orthographe ! Axolot Non
68%
Clique sur la bonne orthographe ! Axolotl Oui
36%
Aucun quiz correspondant
Distribution des résultats
% des personnes avec chaque résultat
Percentile par nombre de réponses
Votre historique - résultats
Vous n’avez pas pris ce quiz